|
|
|
|
| LEADER |
00000nam0a2200000 4500 |
| 001 |
128423 |
| 005 |
20231031132731.0 |
| 035 |
|
|
|a (RuTPU)RU\TPU\book\138919
|
| 090 |
|
|
|a 128423
|
| 100 |
|
|
|a 20071227d1976 m y0rusy50 ca
|
| 101 |
1 |
|
|a rus
|c eng
|
| 102 |
|
|
|a RU
|
| 105 |
|
|
|a a z 000ay
|
| 200 |
1 |
|
|a Удивительный монгол
|f Д. Олдридж
|g пер. с англ. О. Касимов ; авт. предисл. Д. Урнов
|
| 210 |
|
|
|a Москва
|c Молодая гвардия
|d 1976
|
| 215 |
|
|
|a 160 с.
|c ил.
|
| 610 |
1 |
|
|a английская литература
|
| 610 |
1 |
|
|a повести
|
| 675 |
|
|
|a 82
|v 3
|
| 700 |
|
1 |
|a Олдридж
|b Д.
|g Джеймс
|
| 702 |
|
1 |
|a Касимов
|b О.
|4 730
|
| 702 |
|
1 |
|a Урнов
|b Д.
|4 080
|
| 801 |
|
1 |
|a RU
|b 63413507
|c 20071227
|g PSBO
|
| 942 |
|
|
|c BK
|